[Event "E Candidates Chess Tournament 2022"]
[Site "Chess.com"]
[Date "2022.06.23"]
[Round "6"]
[White "Nepomniachtchi, Ian"]
[Black "Duda, Jan Krzysztof"]
[Result "1-0"]
[WhiteElo "2766"]
[BlackElo "2750"]
[EventDate "2022.??.??"]
[Annotator "samsh"]
[PlyCount "69"]
[Beauty "8040736640083"]
[EventType "schev"]
[EventRounds "4"]
[EventCountry "FID"]

1.Nf3 d5 {Duda was probably caught by surprise in the opening. It seemed so natural to expect 1.e4, which is Ian's main move. Also, Nepo has been playing the Petroff a lot with Black as of late, so he probably has some sense of where to put the most pressure. Duda's other option is the Najdorf, which Ian has crushed once already this tournament. I myself was also not expecting anything else on move 1, but the surprise clearly paid off.} 2.g3 Bg4 3.Bg2 e6 4.O-O Nd7 5.h3 Bh5 6.d4 Ngf6 7.c4 c6 8.cxd5 exd5 {All of this is reasonably well known and has been played a bunch of times before. I never fully trusted these positions for Black though.} 9.Ne5 {Bold, and I like it $1} ( 9.Nh4 {This is another decent option that I always thought gave White a slight edge. Ian's move is much more direct.} ) 9...Nxe5 {A human response, but not a great one.} ( 9...Ne4 $1 {According to the machine, this move is by far Black's best chance at fighting for equality. I cannot imagine it even entering a person's mind as a candidate move if they did now already know it in advance.} ) 10.dxe5 Ne4 11.Nd2 Nxd2 12.Bxd2 {Already, Black's position is very difficult. I like White's kingside and central space, and the h5-bishop is going to get harassed once the pawns get moving.} 12...Bc5 13.Rc1 $1 {The first new move of the game, and a good one. I have to imagine Nepo was prepared at least up to this point.} 13...Qe7 14.Kh2 O-O 15.g4 Bg6 16.f4 {White is threatening f5, and Black has no good options. Duda found the least bad one.} 16...h6 ( 16...f6 17.f5 Be8 18.e6 $18 {The protected passed pawn on e6 should easily decide the game.} ) ( 16...f5 17.Qb3 $16 {Black's position remains very difficult, though I don't think it is as terrible as the computer claims.} ) ( 16...Be4 17.Bxe4 dxe4 18.Qa4 $1 e3 19.Bc3 {White's queen will centralize on e4 and then the kingside advance is coming.} ) 17.Qe1 {Ian took a very long time on this move, which is not something he is known to do. The machine is not a fan, but I like it quite a lot. White has this nice and simple plan of bringing the queen to g3, and one could imagine b2-b4-b5 coming as well.} ( 17.Qa4 {So says the computer.} ) 17...Rfe8 18.Qg3 Bh7 19.h4 $1 {Simple and incredibly effective. White has a big kingside pawn mass, so put it in motion $1 The attack is coming and is very hard to stop.} 19...Rad8 ( 19...Bd4 $1 {Apparently, this was Black's best. I still seriously dislike his position after something like} 20.g5 h5 21.Bc3 Bxc3 22.Qxc3 {But the computer thinks he is okay.} ) 20.g5 $1 {So simple. Black is already in trouble and has to find an only move to not die immediately.} 20...hxg5 ( 20...Kh8 $1 {This was the only way. White does not have a direct win, but so what $2} 21.a3 {b4 and b5 might be coming next. Black can barely move, has no counterplay at all, and it's hard to imagine a human will hang on for too long.} ) 21.hxg5 Bb4 22.Bxb4 Qxb4 23.f5 $1 {Of course the b2-pawn is of little consequence.} 23...Qxb2 24.e6 {Not the most precise, but certainly good enough.} ( 24.Rc3 $1 {My machine gives +6. I won't argue with such an evaluation.} ) ( 24.g6 $2 {It's important not to get too materialistic. Black already has one pawn for the piece, White's structure is in shambles, and Black can sacrifice some material to get a defensible position.} 24...fxg6 25.fxg6 Bxg6 26.Qxg6 Qxe5+ $14 {Black should be okay now. The attack is over and white's extra piece does not look that much better than the three pawns.} ) 24...fxe6 25.g6 $2 {This seems a bit careless.} ( 25.Rb1 $1 {This was a more accurate move order.} 25...Qxe2 26.g6 {This would look something like the game, but Black would have lost out on options of Qb2-e5 or Qb2-f6.} 26...exf5 27.gxh7+ Kxh7 28.Rxb7 {White should win.} ) 25...exf5 26.gxh7+ Kh8 $2 ( 26...Kxh7 $1 {Good or bad, Black had to go for this. He is a piece down and should be taking as many pawns as possible.} 27.Rb1 Qe5 $1 28.Rxb7 Qxg3+ 29.Kxg3 Rxe2 {Black will suffer, but he has reasonable drawing chances.} ) 27.Rb1 $1 {Now, since Black did not take the h7-pawn, he is unable to transition to an endgame with Qe5.} 27...Qf6 ( 27...Qe5 {Now this move does not work because Black did not take on h7.} 28.Rxb7 Qxg3+ 29.Kxg3 Rxe2 30.Rxf5 {The threat of Rg5 is decisive. Black has to take on h7 anyway, but the lost tempo means that White will be in time to grab a7.} 30...Kxh7 31.Rxa7 $1 {The a-pawn should eventually win.} ) 28.Rxb7 $1 Rxe2 29.Rxf5 $1 {Not too difficult, but nice all the same. White's extra piece keeps his own king safe, while Black's is clearly done for with all the heavy pieces on an open board.} 29...Qh6+ 30.Kg1 Rxa2 31.Rbf7 Ra1+ 32.Bf1 d4 33.Rg5 Qd6 34.Qf2 Qa3 35.Rg3 {Duda resigned rather than waiting for a capture on g7. Nepo surely deserved the win, but his play felt shakier than it did in his earlier games. The length of a tournament has always been his worst enemy, and it might just be starting to show—not enough to affect the result, but enough to notice from afar. We will see if he can keep up this form moving forward. If he can, I expect him to win the event easily. If not... things will get interesting.} 1-0

[Event "E Candidates Chess Tournament 2022"]
[Site "Chess.com"]
[Date "2022.06.25"]
[Round "7"]
[White "Caruana, Fabiano"]
[Black "Radjabov, Teimour"]
[Result "1-0"]
[WhiteElo "2783"]
[BlackElo "2753"]
[EventDate "2022.??.??"]
[Annotator "samsh"]
[PlyCount "111"]
[Beauty "6670373618244"]
[EventType "schev"]
[EventRounds "4"]
[EventCountry "FID"]

1.e4 c5 $1 {Radjabov has gotten a lot of very understandable heat in the past few years for showing no ambition, forcing draws with White in well known lines, never trying to win, drawing nearly all his games, you name it. In my opinion, much of this heat is fully justified. That said, I do have to give him props for showing a willingness to fight today as early as the first move 1.} 2.Nf3 a6 {I can't remember analyzing this move in the last 10 years $1} 3.c4 ( 3.c3 {I always thought this was supposed to be the best way to punish the line, but that may be outdated.} ) 3...Nc6 4.d4 cxd4 5.Nxd4 e5 6.Nf5 d5 {Radjabov was still blitzing to here, suggesting he was still in his preparation. The position is not great though.} 7.cxd5 Bxf5 8.exf5 Nd4 9.Bd3 $1 {I like this decision from Caruana. The computer wants to try to hang onto the d5-pawn with Nc3, but this feels more human and less risky.} 9...Qxd5 10.Nc3 $1 {Another good move. White makes sure to grab a tempo on the queen before castling.} ( 10.O-O O-O-O $1 {Now it is too late for Nc3, as it can be met with a check on f3. Black should be fine.} ) 10...Qd7 11.O-O Nf6 $6 {This is not a bad move, but I think it was played with the wrong plan in mind. Given that Black ended up castling long in the game, he probably should have done so right away.} ( 11...O-O-O {If Black was going to castle long, he should have done so immediately. Still, he looks a little worse to me after} 12.Be3 Kb8 13.Rc1 $14 ) 12.Bg5 Be7 13.Re1 O-O-O ( 13...O-O $1 {Had Radjabov found this idea, I would not think to criticize Be7. But, if you play Be7 and don't go for this... I don't like it.} 14.Rxe5 Rfe8 {White is a little better with the pawn up, but he struggles to coordinate and Black has some counterplay with Rad8 coming next. In the game, Black's kingside got ransacked because it lacked defenders, while now the king can keep it safe.} ) 14.Rxe5 Nc6 15.Bxf6 Bxf6 16.Rd5 Qe7 17.Bc4 Kb8 18.Qd3 $6 {This allows Black a bunch of extra options.} ( 18.g3 {More pawns on dark squares, make room for the king. White is much better but the game goes on.} ) 18...Qb4 {Not bad, but not best either. The computer wants Qc7, but I think Nb4 looks best to a human eye.} ( 18...Nb4 $5 {This would have been my choice and looks like a pretty convincing route to a defensible position. White is forced to give Black the d-file.} 19.Rxd8+ Rxd8 20.Qf3 Qc7 {Black is ready for Rd2 next. He looks fine to me.} ) 19.Bb3 Nd4 20.Qc4 Qxc4 21.Bxc4 Rc8 22.Bd3 Nc6 {White is a pawn up, but with a doubled pawn and opposite bishops, the win is not certain. Caruana found the best plan by far: Put the bishop on e4 and anchor it with f3.} 23.Be4 $1 Rhe8 24.f3 $1 {White's extra pawn is on full display. He has one f-pawn anchoring his bishop on a fantastic square, and another f-pawn ruining any hope of dislodging it with f7-f5. Now, Radjabov defended passively. This will absolutely not work, he needs counterplay.} 24...Re7 $2 {Way too passive.} ( 24...Ne5 $1 {The only try. The knight is coming to c4, and Black gets some counterplay. He is worse but the game goes on.} ) 25.Rad1 h6 26.Kf2 Rcc7 27.R5d2 Bxc3 28.bxc3 Ne5 29.Rc1 {The computer claims that Caruana's last few moves were a little careless because now Black can go Ng4+ and Nf6. This is true in theory, but I don't think it's as big a deal as the machine implies.} 29...f6 $2 {Eschewing the last chance. Now White's king runs straight to g6 and he wins the game on the kingside.} ( 29...Ng4+ $1 30.Kg3 Nf6 $1 31.Kf4 {In human terms I still think Black is very likely to lose here to h2-h4 and g2-g4-g5. Stockfish might hold it... but flesh and blood beings, I don't see it happening.} ) 30.Kg3 Ka7 31.Rd4 Rc5 32.Kh4 Rec7 33.Kh5 {Around here Radjabov stopped trying to defend and started looking for queenside counterplay. It's the right call to make, but it is way too slow.} 33...b5 34.f4 Nd7 35.Rcd1 Nb6 36.R1d3 Na4 37.Kg6 Nxc3 {Now, Caruana needed to find a couple only moves to win the game. But, they were not particularly difficult, and even with the clock ticking down on the last few moves before time control, he found them easily.} 38.Bf3 $1 Nxa2 39.Rd7 $1 {White's pawns will be much better than Black's, and White's king and bishop are both much more active than Black's king and knight.} 39...Nc3 40.Kxg7 b4 41.Kxf6 b3 {Sadly for Radjabov, right around the moment when White's moves become a little harder was when he got another hour. I think had that hour been absent, Caruana very likely still would have won the game, but the certainty would not be 100\%. With that hour, it's game over.} 42.Rd2 $1 a5 43.Ke6 Rxd7 44.Rxd7+ Ka6 45.f6 ( 45.Rd8 {Getting the rook behind the b-pawn worked too, but the position with both sides queening wins easily.} ) 45...b2 46.f7 b1=Q 47.f8=Q {Without time on the clock, it's easy to see this position from afar with Black to move and get spooked since he gets the first check. But, with even not that much time to calculate, it becomes clear that the checks rapidly run out, and White is winning.} 47...Qg6+ 48.Qf6 Qe8+ ( 48...Qxf6+ 49.Kxf6 $18 {The f-pawn will win the game.} ) 49.Kd6 $1 {A final accurare move. It's not even that stressful since Black has no checks.} ( 49.Re7 $2 {It was still not too late to blunder.} 49...Rc6+ 50.Bxc6 Qxc6+ 51.Kf7 Qxf6+ 52.Kxf6 Nd5+ 53.Ke6 Nxe7 54.Kxe7 a4 {Suddenly, Black can reach a drawn queen endgame, though even this might be hard to hold in practice.} ) 49...Rc4 50.Rc7 {Just one winning move among many.} 50...Kb5 51.Qe5+ Qxe5+ 52.fxe5 Rxc7 53.Kxc7 {There is no stopping the e-pawn.} 53...Kc5 54.e6 Nb5+ 55.Kd7 a4 56.e7 {Radjabov called it a day. Coming into the tournament, I had two main hopes. One would be that it would be a compact event with a lot of excitement and a lot of guys fighting for first, and the other (and bigger one) was that Hikaru would be one of those guys and that he would eventually win the tournament. This was not a great day for either of those hopes. But, it has to be said that the two guys atop the leaderboard have clearly been playing the best chess of the tournament by a wide margin, which always feels better than someone winning because they are getting lucky. I'm hopeful that the guys who are struggling will be able to find the best versions of themselves in the second half. I can't really see anyone catching the leaders barring some really bizarre circumstances, but I hope they face a tougher challenge in the remaining rounds.} 1-0

[Event "E Candidates Chess Tournament 2022"]
[Site "Chess.com"]
[Date "2022.06.26"]
[Round "8"]
[White "Nakamura, Hikaru"]
[Black "Caruana, Fabiano"]
[Result "1-0"]
[WhiteElo "2760"]
[BlackElo "2783"]
[EventDate "2022.??.??"]
[Annotator "samsh"]
[PlyCount "147"]
[Beauty "5637815670334"]
[EventType "schev"]
[EventRounds "4"]
[EventCountry "FID"]

1.e4 e5 2.Nf3 Nc6 3.Bb5 a6 4.Ba4 Nf6 5.O-O Nxe4 6.d4 b5 7.Bb3 d5 8.dxe5 Be6 9.c3 Bc5 {Nothing up to here can be considered a huge surprise. Hikaru has only been playing e4 with White, and Caruana repeated the same Bc5 Open Spanish that he recently chose against MVL.} 10.Nbd2 O-O 11.Bc2 Nxf2 12.Rxf2 Bxf2+ 13.Kxf2 f6 14.Nf1 fxe5 15.Kg1 {All of this is well known theory, but I think Caruana fell into the same practical trap that Firouzja did against Nepo. I'm quite confident Black's position is objectively fine here, but in practice, it feels so much easier to play the White side.} 15...Qd6 ( 15...Qd7 {This was Caruana's choice against Maxime in the aforementioned game. He certainly equalized, but still went on to lose.} ) 16.Be3 Bf5 17.Bb3 Rad8 18.Qe1 Na5 19.Qf2 Nb7 {Both sides were still playing very fast.} 20.Re1 c5 21.Ng3 ( 21.Bg5 $5 {This was an interesting option, but my suspicion is that Black's position is better than the computer suggests. After} 21...c4 $1 ( 21...Rde8 $2 22.Rxe5 $1 Rxe5 23.Bf4 $18 ) 22.Bxd8 cxb3 23.Bh4 bxa2 24.Ra1 Bb1 {I have a lot of trouble evaluating the position, and once I let the computer run here, it became less and less optimistic for White's chances. I think Hikaru was right to avoid it.} ) 21...Bd3 22.Qd2 c4 $2 {In my opinion, this is the move that lost Caruana the game. The position is incredibly hard to understand, but I think the main point is that Black will not be able to maintain his pawn on e5. It will inevitably have to move to e4. When this happens, Black will really regret having pushed c5-c4 because he loses any hope of fighting for the dark squares, plus the light squared bishop can end up stuck on d3 and unable to fight on other relevant parts of the board. White is only a bit better still, but Black's position feels nearly impossible to play.} ( 22...e4 $1 {This should be preferred. The position is messy and balanced. I would prefer the White side, but the machine insists upon total equality.} ) 23.Bd1 $1 {White does not exchange the bishops. He has already seen that d3 will become a piece of dead wood.} 23...Rd7 24.Bf2 Rdf7 25.Nh1 $1 {An excellent decision from Hikaru. The move is not at all subtle, White wants to take on e5, or to play Bg3 next. Black clearly will have to move the e-pawn.} 25...e4 26.Nd4 {This is exactly the kind of position that I think is a practical nightmare for Black. Long term, he will face huge issues as his pawns are blockaded in the center, and White will eventually take them by having a larger total number of pieces on the board. Black's compensation is that one of his pieces is bigger than White's, but the main power of a larger piece over a smaller piece, such as a rook over a bishop, is being able to attack multiple targets at once. And what do we have here $2 Black's rooks are both clearly on their best squares already. In fact, all of his pieces look nice and active. But what is there to target $2 White has no weaknesses. Slowly but surely, he will activate his pieces and organize them to attack the pawns. Caruana surely could have defended better from here, but in human terms, I think the game is already more or less lost, even though the machine gives White only a 0.5 advantage or so. I think his big mistake was c4.} 26...Qg6 27.h4 Nc5 ( 27...h5 $1 {According to the machine, this was the only move. But who makes such a move, putting yet another pawn on a light square and weakening g5 $2 It feels like Black's task is impossible, and even here, he is still suffering after} 28.Qg5 Qxg5 29.hxg5 $14 ) 28.h5 $1 Qd6 29.Bg4 $1 {White's pieces are springing to life, and he is now winning. The bishop on d3 might look nice and anchored, but it is not doing much, and it is unable to help Black fight for squares like f5 or e6.} 29...h6 30.Qe3 Qf4 31.Qxf4 ( 31.Bf5 {This may have been even faster.} ) 31...Rxf4 32.Ne6 {In my opinion, Caruana only made two serious mistakes all game. One was to play c4. But, the second one was to not resign here. At this point, I really cannot imagine Hikaru ever not converting this with White. Under other circumstances, I would not criticize continuing the game; Black is not totally out of practical hope. But in this particular case, Caruana has a huge game with White against Nepo tomorrow, now a full point ahead of him. It's about as clear of a must-win scenario as one could imagine, and it is clearly the most important game of the tournament. Caruana will have White, and he should definitely get his chances. But having a couple extra hours to rest and prepare for the Petroff would have been a huge asset, and in my opinion, a much larger one than hoping for the 1\% chance of Hikaru not winning this position.} 32...Nxe6 33.Bxe6+ Kh7 34.Bxd5 R8f5 35.Bc6 Rxh5 36.Bd4 Rhf5 37.Nf2 Rf7 38.b4 h5 39.a4 ( 39.Be8 {This seems rather convincing. Black loses the h-pawn.} 39...R7f5 {Trying to save it will lead to a trapped rook.} 40.Be3 $1 Rh4 41.g3 ) 39...bxa4 40.Bxa4 h4 41.Be3 R4f5 42.Ra1 {Hikaru made his life a little tougher here and had to find some only moves, but they were pretty straightforward. He did not take long to find all of them.} 42...h3 43.Ra2 $1 {Luckily for White, there wasn't much choice. This was the only way to prevent h2+.} ( 43.gxh3 $2 {This would fall for Black's trap.} 43...Rf3 $1 44.Re1 Rg3+ $1 {Black is turning the tables.} ) 43...hxg2 44.Bd1 $1 {Another good move, stopping Rf3.} 44...R7f6 {Now, last up is not letting Black defend the pawn with Rg6.} 45.Bg4 $1 Rd5 46.Kxg2 $1 Rg6 47.Kg3 {White has reached an ideal coordination again with no counterplay, and now the game wins itself.} 47...Bf1 {Finally that bishop gets to move... but it still isn't doing anything on f1 and has to come back to d3 the next move anyway.} 48.Bd4 Bd3 49.Kf4 Kg8 50.Bf5 Rh6 51.Ng4 Rhd6 52.Ne3 Rb5 53.Bc5 Rf6 54.Ke5 Kf7 55.Nd5 {I'm not sure it was necessary to let Black get the pawn to e2, but Hikaru kept it all under control.} ( 55.Rf2 $18 {Time to resign.} ) 55...Rxf5+ 56.Kxf5 e3+ 57.Ke5 e2 58.Bf2 Rb8 59.Be1 Re8+ 60.Kf4 g5+ {Now again, White needed a couple only moves... but they are not hard.} 61.Kg3 $1 Re6 62.Kf2 Rh6 63.Ke3 Re6+ 64.Kf2 Rh6 65.Ne3 {Of course, White does not repeat a second time.} 65...Rf6+ 66.Kg3 Rf1 67.Ng2 {White has re-coordinated, and Black's e-pawn is firmly stopped. The rook can now go and start taking the other ones.} 67...Rf6 68.Bf2 Kg6 69.Ra5 $1 Re6 70.Ne1 $1 Bf5 71.Nf3 Rd6 72.Nd4 Bd3 73.Re5 Kf6 74.Nf3 {Facing the loss of the g5-pawn, Caruana finally resigned. The game lasted over six hours and finished past 9pm local time. I have to imagine this will not do him any favors tomorrow. Hikaru's technique was not perfect, and honestly not even that great, but the win was still never in doubt. I really think resigning earlier was the best call given the tournament situation.} 1-0